000
00302nam a22001337a 4500
020
_a
1-9043-5128-X
082
_a
823
_b
JEA/G
100
_a
JEAN
100
_a
ADAMSON, GARETH
245
_a
GON ON AN AEROPLANE
_b
TOPSY+TIM
260
_a
LONDON
_b
LADYBIRD
650
_a
ENGLISH SHORT STORY
_z
UK
942
_c
BK
999
_c
4092
_d
4092